| 000 | 00375nam a2200097Ia 4500 | ||
|---|---|---|---|
| 005 | 20250424112841.0 | ||
| 008 | 250424s9999 xx 000 0 und d | ||
| 300 | _a143 p. ; 26 cm. | ||
| 650 | _aPsychology, Industrial--Periodicals. Organizational behavior--Psychological aspects--Periodicals. Organizational behavior--Psychological aspects. Psychology, Industrial. | ||
| 942 | _cSR | ||
| 999 |
_c37493 _d37493 |
||